000 00916nam a22002657a 4500
005 20150310102141.0
010 _aBAC-EN21 ENG-111768
020 _a9788121935210
_c425.00
035 _aEN-95300
035 _aB-593098-132
037 _bUBH/Ven
_adpl
037 _bDBAD/PUB
082 _a589.3
100 _aVashishta, B.R.
245 _aAlgae : botany for degree students /
_cby B.R. Vashishta; revised by A.K. Sinha [and] V.P. Singh
250 _aMulticolour illustrative ed.
260 _aNew Delhi
_bS. Chand
_c2014(repr.)
270 _a7361,Ram Nagar
_bNew Delhi
_e110055
300 _aPt.1(xii,612p). :
_c24cm(pbk)
_bcol. ill.
500 _aIncludes bibliographical references and index
700 _aSinha, A.K.
700 _aSingh,V.P.
942 _2ddc
_cEN
_mVAS
_h589.3
999 _c89090
_d89090